| 000 | 01988nam a22004337a 4500 | ||
|---|---|---|---|
| 003 | CHAP | ||
| 005 | 20220329142743.0 | ||
| 008 | 030603d2002 mx d r 00110 spa d | ||
| 010 | _a87289 | ||
| 011 | _a88261 | ||
| 035 | _a98806 | ||
| 040 | _cCHAP | ||
| 090 | _aFolleto 16590 | ||
| 110 | 0 |
_aMéxico. Servicio Nacional de Inspección y Certificación de Semillas _977241 |
|
| 245 | 1 | 0 |
_aCatálogo nacional de variedades factibles de certificación (C.V.C.) _c/por Servicio Nacional de Inspección y Certificación de Semillas |
| 260 |
_aMéxico, D.F. : _bServicio Nacional de Inspección y Certificación de Semillas, _c200- |
||
| 300 |
_av. : _bgráfs. ; cuadros |
||
| 500 | _aLa biblioteca tiene: 2002, 2004, 2005, 2008 | ||
| 590 |
_aBATCH-UPD _b10 _c20130110 _lUCH01 _h0843 |
||
| 590 |
_aBATCH-UPD _b10 _c20130410 _lUCH01 _h0517 |
||
| 590 |
_aBATCH-UPD _b10 _c20130914 _lUCH01 _h1122 |
||
| 590 |
_aCONVERSION _b10 _c20130109 _lUCH01 _h1348 |
||
| 650 | 1 | 4 |
_aCultivos _xVariedades. _930332 |
| 650 | 1 | 4 |
_aSemillas _xCertificación. _9103883 |
| 901 | _aBK | ||
| 905 | _aAlejandra Carrasco M. | ||
| 942 | _cFOLL | ||
| 949 |
_aFolleto 16590 _bBC _cFOLL _d00000000988063 _eTS1 _f(2004) _i98806 _st |
||
| 949 |
_aFolleto 16590 _bBC _cFOLL _d00000000988064 _eTS2 _f(2004) c.2 _i98806 _st |
||
| 949 |
_aFolleto 16590 _bBC _cFOLL _d00000000988065 _eTS1 _f(2005) _i98806 _sb |
||
| 949 |
_aFolleto 16590 _bBC _cFOLL _d00000000988066 _eTS2 _f(2004) c.3 _i98806 _sb |
||
| 949 |
_aFolleto 16590 _bBC _cFOLL _d00000000988067 _eTS2 _f(2004) c.4 _i98806 _sb |
||
| 949 |
_aFolleto 16590 _bBC _cFOLL _d33724000877312 _eTS2 _f(2005) c.3 _i98806 _sb |
||
| 949 |
_aFolleto 16590 _bBC _cFOLL _d33724000998654 _eTS2 _f(2005) c.2 _i98806 _sb |
||
| 949 |
_aFolleto 16590 _bBC _cFOLL _d33724002130850 _eTS1 _f(2008) _i98806 _sb |
||
| 949 |
_aFolleto 16590 _bBC _cFOLL _d33724002130892 _eTS2 _f(2008) c.2 _i98806 _sb |
||
| 949 |
_aFolleto 16590 _bBC _cFOLL _d988061 _eTS1 _f(2002) _i98806 _sb |
||
| 949 |
_aFolleto 16590 _bBC _cFOLL _d988062 _eTS2 _f(2002) c.2 _i98806 _sb |
||
| 999 |
_c87289 _d87289 |
||